Southville International School and Colleges
Your cart is empty.
  • Cart
  • Lists
    Public lists Eva Luna New books Lux_list list_1
    Your lists Log in to create your own lists
  • Log in to your account
  • Your cookies
  • Search history
Southville International School and Colleges
  • Advanced search
  • Recent comments
  • Most popular
  • Libraries

Log in to your account

Log in with GOOGLE


If you do not have an external account, but do have a local account, you can still log in:

  1. Home
  2. MARC view: Foundations of nursing practice :
Normal view MARC view ISBD view

Foundations of nursing practice : (Record no. 20820)

[ view plain ]
MARC details
000 -LEADER
fixed length control field 00489nam a2200169 a 4500
005 - DATE AND TIME OF LATEST TRANSACTION
control field 20140310183254.0
008 - FIXED-LENGTH DATA ELEMENTS--GENERAL INFORMATION
fixed length control field 041020s19uu xx 00 eng d
050 ## - LIBRARY OF CONGRESS CALL NUMBER
Classification number RT 41
Item number .F825 2002
100 ## - MAIN ENTRY--PERSONAL NAME
Personal name Hogston, Richard
245 ## - TITLE STATEMENT
Title Foundations of nursing practice :
Remainder of title making the difference.
Statement of responsibility, etc Richard Hogston
300 ## - PHYSICAL DESCRIPTION
Extent 556 p. :
Other physical details col. ill. ;
Dimensions 25 cm.
650 ## - SUBJECT ADDED ENTRY--TOPICAL TERM
Topical term or geographic name as entry element Nursing.
650 ## - SUBJECT ADDED ENTRY--TOPICAL TERM
Topical term or geographic name as entry element Nursing care.
700 ## - ADDED ENTRY--PERSONAL NAME
Personal name Simpson, Penelope M.
942 ## - ADDED ENTRY ELEMENTS (KOHA)
Koha item type Books
Source of classification or shelving scheme Library of Congress Classification
Call number prefix Foreign
Holdings
Withdrawn status Lost status Source of classification or shelving scheme Damaged status Home library Current library Shelving location Date acquired Total Checkouts Full call number Barcode Date last seen Copy number Price effective from Koha item type
    Library of Congress Classification   College Library College Library General Circulation Section 10/20/2004   RT 41 .F825 2002 C5409 05/15/2018 1 03/10/2014 Books

Foundations of nursing practice :

APA

Hogston R., Simpson P. M., .Foundations of nursing practice. : .

Chicago

Hogston Richard, Simpson Penelope M, .Foundations of nursing practice. : .

Harvard

Hogston R., Simpson P. M., .Foundations of nursing practice. : .

MLA

Hogston Richard, Simpson Penelope M, .: . .

  • Place hold
  • Print
  • Cite
  • Add to your cart (remove)
  • Save record
    BIBTEX Dublin Core MARCXML MARC (non-Unicode/MARC-8) MARC (Unicode/UTF-8) MARC (Unicode/UTF-8, Standard) MODS (XML) RIS
  • More searches
    Search for this title in:
    Other Libraries (WorldCat) Other Databases (Google Scholar) Online Stores (Bookfinder.com) Open Library (openlibrary.org)

Exporting to Dublin Core...

SOUTHVILLE LIBRARY

Southville International School and Colleges Library

1281 Tropical Ave. Cor. Luxembourg St., BF Homes International, Las Pinas City

Tel. No. 8256374 / 252358 Loc. 117/146

Powered by Koha